Who are the major American writers? (Record no. 17265)
[ view plain ]
| 000 -LEADER | |
|---|---|
| fixed length control field | 00883cam a2200289 4500 |
| 001 - CONTROL NUMBER | |
| control field | 17265 |
| 003 - CONTROL NUMBER IDENTIFIER | |
| rucl marc code | BD-RjUL |
| 005 - DATE AND TIME OF LATEST TRANSACTION | |
| control field | 20211209000119.0 |
| 008 - FIXED-LENGTH DATA ELEMENTS--GENERAL INFORMATION | |
| fixed length control field | 140216s1972 ncu 001 0 eng |
| 020 ## - INTERNATIONAL STANDARD BOOK NUMBER | |
| International Standard Book Number | 0822302896 |
| 035 ## - SYSTEM CONTROL NUMBER | |
| System control number | (BD-RjUL)17323 |
| 040 ## - CATALOGING SOURCE | |
| Original cataloging agency | DLC |
| Transcribing agency | DLC |
| Modifying agency | DLC |
| -- | BD-RjUL |
| Language of cataloging | eng |
| 041 ## - LANGUAGE CODE | |
| Language code of text/sound track or separate title | eng |
| 082 00 - DEWEY DECIMAL CLASSIFICATION NUMBER | |
| Classification number | 801.950973 |
| Author mark and year | HUW |
| 100 1# - MAIN ENTRY--PERSONAL NAME | |
| Personal name | Hubbell, Jay B. |
| Fuller form of name | (Jay Broadus), |
| Dates associated with a name | 1885-1979. |
| 9 (RLIN) | 53230 |
| 245 10 - TITLE STATEMENT | |
| Title | Who are the major American writers? |
| Remainder of title | A study of the changing literary canon / |
| Statement of responsibility, etc. | Jay B. Hubbell. |
| 260 ## - PUBLICATION, DISTRIBUTION, ETC. (IMPRINT) | |
| Place of publication, distribution, etc. | Durham, N.C. : |
| Name of publisher, distributor, etc. | Duke University Press, |
| Date of publication, distribution, etc. | 1972. |
| 300 ## - PHYSICAL DESCRIPTION | |
| Pagination | xvii, 344 p. ; |
| Size | 25 cm. |
| 350 ## - PRICE (NR) (BK AM CF MU VM SE) [OBSOLETE] | |
| Price | $11.00 |
| 504 ## - BIBLIOGRAPHY, ETC. NOTE | |
| Bibliography, etc | Includes index. |
| 650 #0 - SUBJECT ADDED ENTRY--TOPICAL TERM | |
| Topical term or geographic name as entry element | American literature |
| General subdivision | History and criticism. |
| 9 (RLIN) | 53231 |
| Topical term or geographic name as entry element | Criticism. |
| 9 (RLIN) | 53232 |
| Topical term or geographic name as entry element | Canon (Literature) |
| 9 (RLIN) | 52963 |
| 942 ## - ADDED ENTRY ELEMENTS (KOHA) | |
| Source of classification or shelving scheme | Dewey Decimal Classification |
| Koha item type | Books |
| Lost status | Source of classification or shelving scheme | Damaged status | Not for loan | Collection code | Permanent Location | Current Location | Shelving location | Date acquired | Source of acquisition | Cost, normal purchase price | Total Checkouts | Full call number | Date last seen | Copy number | Koha item type |
|---|---|---|---|---|---|---|---|---|---|---|---|---|---|---|---|
| Dewey Decimal Classification | Not For Loan | Fiction | Central Library, University of Rajshahi | Central Library, University of Rajshahi | Reading Room | 10/07/1976 | U. S. I. S. Dhaka Gift | 0.00 | 801.950973 HUW 1972 | 16/02/2014 | C-1 | Books |